The New American

Bibliographic Details
Previous Title:Review of the news
American opinion
Format: Electronic Journal
Language:English
Published: [Belmont, Mass. : Review of the News, Inc., c1985-
Appleton, Wisc. : American Opinion Publishing
Subjects:
Online Access:Full text available from Research Library: 04/22/2002 to present

MARC

LEADER 00000nas a2200000 i 4500
001 ssj0001591
003 WaSeSS
005 20200512172242.0
006 m d
007 cr n
008 850930c19859999wiusr p s 0 a0eng c
010 |a  87642305   |z sn 85009109  
015 |a 01056165X  |2 dnb 
016 7 |a 83829-9  |2 DE-600 
016 7 |a 013939389  |2 Uk 
016 |a (AMICUS)000005889406 
022 |l 0885-6540  |y 0885-6540 
032 |a 607680  |b USPS 
035 |a (WaSeSS)ssj0001591 
037 |a American Opinion Publishing, P.O. Box 8040, Appleton, WI 54912 
040 |a SPI  |b eng  |c SPI  |d NSD  |d HUL  |d NST  |d IUL  |d NST  |d OCL  |d NST  |d DLC  |d NST  |d DLC  |d NSD  |d NST  |d NSD  |d EYM  |d NST  |d DLC  |d TXJ  |d OCLCQ  |d GBVCP  |d CUV  |d CUS  |d CGU  |d NDD  |d OCLCF  |d IUL  |d ZHB  |d OCLCQ  |d GRR  |d OCLCO  |d UKMGB  |d WAU  |d DGU  |d COF  |d NLC  |d PAU  |d OCLCO  |d CPO  |d OCLCO  |d CBA  |d OCLCO  |d ZQP  |d OCLCO  |d NDD  |d WaSeSS 
042 |a nsdp  |a pcc 
050 0 0 |a AP2  |b .N373 
082 0 0 |a 051  |2 19 
130 0 |a New American (Belmont, Mass.) 
210 0 |a New Am.  |b (Belmont Mass.) 
222 4 |a The New American  |b (Belmont, Mass.) 
245 1 4 |a The New American  |h [electronic resource]. 
260 |3 -June 5, 1989:  |a [Belmont, Mass. :  |b Review of the News, Inc.,  |c c1985- 
260 3 |3 June 13, 1994- :  |a Appleton, Wisc. :  |b American Opinion Publishing 
310 |a Twice monthly,  |b 2010- 
321 |a Weekly,  |b -Mar. 24, 1986 
321 |a Biweekly,  |b Apr. 7, 1986-2009 
362 1 |a Began with: Vol. 1, no. 1 (September 30, 1985). 
500 |a Title from cover. 
500 |a "A weekly review of the news and American opinion." 
506 |a License restrictions may limit access. 
515 |a Vol. 1 complete in 14 issues. 
580 |a Merger of: The Review of the news; and: American opinion. 
588 |a Latest issue consulted: Vol. 27, no. 6 (March 21, 2011) 
648 7 |a Since 1945  |2 fast 
650 0 |a American periodicals. 
650 0 |a World politics  |y 1945-1989  |v Periodicals. 
650 0 |a World politics  |y 1989-  |v Periodicals. 
650 7 |a American periodicals.  |2 fast  |0 (OCoLC)fst00807335 
650 7 |a World politics.  |2 fast  |0 (OCoLC)fst01181381 
655 0 |a Electronic journals. 
776 1 |c Microfilm  |d University Microfilms  |w (OCoLC)15504724 
776 1 |c Microfiche  |d University Microfilms International  |w (OCoLC)15135831 
780 1 4 |t Review of the news  |x 0034-6802  |w (DLC) 67005448  |w (OCoLC)1874098 
780 1 4 |t American opinion  |x 0003-0236  |w (DLC) 60023483  |w (OCoLC)1480501 
850 |a AMAU  |a AU  |a AzU  |a CSt  |a CSt-H  |a CU  |a CU-I  |a CU-Riv  |a CU-S  |a CU-SB  |a CaMWUC  |a CoFS  |a CoU  |a CtY  |a DGW  |a DLC  |a DeU  |a ICU  |a ICarbS  |a IEN  |a IaAS  |a IaU  |a InLP  |a InU  |a KU-S  |a KyU  |a MH  |a MdU  |a MiD  |a MiDW  |a MiEM  |a MiU  |a MnU  |a MoSU  |a MsSM  |a MsU  |a NIC  |a NN  |a NNC  |a NSyU  |a NcD  |a NcRS  |a NcU  |a NdU  |a NjR  |a NvU  |a OCU  |a OU  |a OrCS  |a OrU  |a PBL  |a PPi  |a PPiC  |a PPiD  |a PPiU  |a RPB  |a T  |a TU  |a TxDaM  |a ULA  |a UU  |a ViBlbV  |a ViU  |a ViW  |a VtU  |a WM  |a Wa  |a WaU  |a WyU 
856 4 0 |z Full text available from Research Library: 04/22/2002 to present  |u https://search.proquest.com/publication/36748